Online
Catalog

Programa de entrenamiento de profesores. Módulo : (Record no. 53946)

MARC details
000 -CABECERA
campo de control de longitud fija 02031nam a2200289 i 4500
001 - NÚMERO DE CONTROL
campo de control 000007218
003 - IDENTIFICADOR DEL NÚMERO DE CONTROL
campo de control DO-SdBNP
005 - FECHA Y HORA DE LA ÚLTIMA TRANSACCIÓN
campo de control 20240510202714.0
007 - CAMPO FIJO DE DESCRIPCIÓN FÍSICA--INFORMACIÓN GENERAL
campo de control de longitud fija ta
008 - DATOS DE LONGITUD FIJA--INFORMACIÓN GENERAL
campo de control de longitud fija 090907s1993 dr a 001 0 spa d
040 ## - FUENTE DE LA CATALOGACIÓN
Centro catalogador/agencia de origen DO-SdBNP
Lengua de catalogación spa
Centro/agencia transcriptor BNPHU
Normas de descripción rda
082 ## - NÚMERO DE LA CLASIFICACIÓN DECIMAL DEWEY
Número de clasificación 370.71
Número de documento/Ítem B862p
Número de edición 22
245 10 - MENCIÓN DE TÍTULO
Título Programa de entrenamiento de profesores. Módulo :
Resto del título técnicas de estudio /
Mención de responsabilidad, etc. Elaborado por: Antonio Manuel Brito, Antonia Mejía
264 ## - PRODUCCIÓN, PUBLICACIÓN, DISTRIBUCIÓN, FABRICACIÓN Y COPYRIGHT
Producción, publicación, distribución, fabricación y copyright Santo Domingo :
Nombre del de productor, editor, distribuidor, fabricante Sante,
Fecha de producción, publicación, distribución, fabricación o copyright 1993
300 ## - DESCRIPCIÓN FÍSICA
Extensión 99 paginas. :
Otras características físicas ilustraciones. ;
Dimensiones 22 cm.
336 ## - TIPO DE CONTENIDO
Fuente rdacontent
Término de tipo de contenido texto
Código de tipo de contenido txt
337 ## - TIPO DE MEDIO
Fuente rdamedia
Nombre/término del tipo de medio sin mediación
Código del tipo de medio n
338 ## - TIPO DE SOPORTE
Fuente rdacarriaer
Nombre/término del tipo de soporte volumen
Código del tipo de soporte nc
505 ## - NOTA DE CONTENIDO CON FORMATO
Nota de contenido con formato El punto donde comenzamos 4|Introducción 6|PREPARACION|Documento Nº 3: Fundamentos, contexto, objetivos y plan de acción para el enfoque de las técnicas de estudiar 15|Documento Nº 4: Uso de la cartilla articuladora 25|DESARROLLO|Documento Nº5: Teoría práctica de las técnicas de estudio en el marco de la información - reflexión 27|Psico-higiene de los estudios. Adquisición de hábitos deseables de estudio 28|El tiempo. Conceptois y problemas. El control del tiempo 39|Principios de la concentración. Origen de la distracción. Problemas y soluciones 39|La memoria. Recuerdo y olvido. Problemas 42|Lectura de libros de textos y tomas de apuntes. Sugerencias para mejorar latoma de apuntes 50|Presentación de informes. Exposición del tema 58|La motivación escolar 61|Documento Nº 6: las técnicas de estudio consideradas en el marco de la reflexión-acción: los núcleos problemáticos 64|Documento Nº 7: miniproyecto 72|CULMINACION|Documento Nº 8: análisis y evaluación del módulo, los miniproyectos y las experiencias vivenciales de los participantes 78|Apéndices 84|Bibliografía 99
590 ## - NOTA LOCAL (RLIN)
Nota local Inventariado, 2023 / DG
650 #4 - PUNTO DE ACCESO ADICIONAL DE MATERIA--TÉRMINO DE MATERIA
Término de materia o nombre geográfico como elemento de entrada Capacitación docente
650 #4 - PUNTO DE ACCESO ADICIONAL DE MATERIA--TÉRMINO DE MATERIA
Término de materia o nombre geográfico como elemento de entrada Entrenamiento en servicio de maestros
9 (RLIN) 17487
650 #0 - PUNTO DE ACCESO ADICIONAL DE MATERIA--TÉRMINO DE MATERIA
Término de materia o nombre geográfico como elemento de entrada Maestros
9 (RLIN) 17439
700 ## - PUNTO DE ACCESO ADICIONAL--NOMBRE DE PERSONA
Nombre de persona Mejía, Antonia
Término indicativo de función/relación autor
9 (RLIN) 83586
910 ## - DATOS DE OPCIÓN DEL USUARIO (OCLC)
Datos de opción del usuario DG
942 ## - ELEMENTOS DE PUNTO DE ACCESO ADICIONAL (KOHA)
Fuente del sistema de clasificación o colocación Dewey Decimal Classification
Tipo de ítem Koha Libro
Holdings
Estado de retiro Estado de pérdida Fuente del sistema de clasificación o colocación Restricciones de uso No para préstamo Código de colección Localización permanente Ubicación/localización actual Ubicación en estantería Fecha de adquisición Total de préstamos Signatura topográfica completa Código de barras Fecha visto por última vez Precio válido a partir de Tipo de ítem Koha
    Dewey Decimal Classification Excluido de préstamo   Patrimonio Dominicano Biblioteca Nacional Pedro Henríquez Ureña Biblioteca Nacional Pedro Henríquez Ureña En catalogación 26.06.2023   BNPHU PD 370.71 B862p 2023-2744 26.06.2023 26.06.2023 Libro

Powered by Koha